000 00404nam a2200145 a 4500
001 000031252
005 20200930062813.0
008 110615s2007 dr ac 000 0 spa d
040 _aDO-SdBNP
_bspa
_cBNPHU
110 2 _aFundación Dominicana de Desarrollo
_954592
245 1 3 _aMemorias 40 años.
260 _aSanto Domingo :
_bFDD,
_c2007.
300 _a157 p. :
_bil., retrs. ;
_c23 cm.
049 _aBNPD
999 _c30744
_d30744